00704 2200229 4500001002100000005001700021008004100038035002500079040001200104082001500116084002000131100002300151245007600174260004500250300004200295500002800337504002600365650003200391700002100423850001200444990001800456INLIS00000000001032620150815105011.0  a0010-081500000001764 aYOPDYOG 223a796.06 aSK 796.06 Non F aNONI Kusumaningrum aFasilitas Olahraga velodrome indoor di Sleman DIYc/ Noni Kusumaningrum aYogyakartabUniversitas Gajah Madac2009 axiii, 83 lembar.b: Ilus.c; 29,5 cm. aSkripsi Fakultas Teknik aBibliografi : hlm. 83 aPernafasan, Organ--Penyakit aSOELEMAN Saragih aYOPDYOG a48304-PD/A.15